000
00219 a2200097 4500
001
27457
100
_a
Cotterill, P
245
_a
Recrystallization and grain growth
260
_a
_b
I T C L
_c
1976
090
_c
18251
_d
18251
942
_a
NUST-CAE
_c
M
_c
9171
999
_c
262530
_d
262530